00000000nam##2200000za#4500
0019.530401
003CaOODSP
00520200401033428
007ta
008150406|1998||||xxc|||||     f|0| 0 fre|d
020 |a0-660-60507-4
040 |aCaOODSP|bfre
041 |aeng
041 |afre
043 |an-cn---
0861 |aBT31-2/1999-III-90
1101 |aCanada. |bConseil du trésor.
24510|aCentre canadien de gestion
260 |aOttawa - Ontario : |bSecrétariat du Conseil du Trésor du Canada |c1998.
300 |aTexte français, 35p. : |btableaux ; |c28 cm.
4901 |aBudget des dépenses 1998-1999, partie III: Rapport sur les plans et les priorités
546 |aBilingue
563 |aCouverture souple
590 |a98-14|b1998-04-03
7760#|tCanadian Centre for Management Development, report on plans and priorities 1998–99 for the period of 1998–99 to 2000–2001 |w(CaOODSP)9.567679
7760#|tCentre canadien de gestion, rapport sur les plans et les priorités 1998-1999 pour la période 1998–1999 à 2000–2001 |w(CaOODSP)9.599010
791 |tCanadian Centre for Management Development |eeng|w(CaOODSP)9.530400
830#0|aBudget des dépenses 1998-1999, partie III: Rapport sur les plans et les priorités.|w(CaOODSP)9.508961